01452nam a22002894a 4500001001200000003000800012006001900020007001500039008004100054010001700095020001500112040002100127035002000148050002400168082001900192245032200211260005600533300001600589504006400605533015200669650004200821650006100863650006600924655002900990710001701019856012601036ebr10040986CaPaEBRm u cr cn|||||||||991223s2000 dcu sb 001 0 eng  z 99069855  z0309064996 aCaPaEBRcCaPaEBR a(OCoLC)4495500714aKF2979b.D54 2000eb04a346.7304/822104aThe digital dilemmah[electronic resource] :bintellectual property in the information age /cCommittee on Intellectual Property Rights and the Emerging Information Infrastructure, Computer Science and Telecommunications Board Commission on Physical Sciences, Mathematics, and Applications, National Research Council. aWashington, D.C. :bNational Academy Press,cc2000. axxi, 340 p. aIncludes bibliographical references (p. 240-249) and index. aElectronic reproduction.bPalo Alto, Calif. :cebrary,d2013.nAvailable via World Wide Web.nAccess may be limited to ebrary affiliated libraries. 0aIntellectual propertyzUnited States. 0aCopyright and electronic data processingzUnited States. 0aInformation superhighwayxLaw and legislationzUnited States. 7aElectronic books.2local2 aebrary, Inc.40uhttp://site.ebrary.com/lib/rucke/Doc?id=10040986zAn electronic book accessible through the World Wide Web; click to view